000 00510nam a2200205Ia 4500
008 160621s9999 xx 000 0 und d
020 _a1-84557-341-2
050 _aComSc HE 7551
050 _b.M56 2005
100 _aMinhas, Davinder Singh.
245 _aE-mail /
245 _cDavinder Singh Minhas.
260 _aNew Delhi :
260 _bNew Dawn Press Group,
260 _c2007
300 _a40 pages :
300 _billustrations ;
300 _c28 cm.
650 _aElectronic mail systems.
999 _c296131
_d296131